Click quiz - All country flags of the world - Statistics

General Stats
  • This quiz has been taken 180 times
  • The average score is 91 of 196
Answer Stats
Hint Answer % Correct
Albania
83%
Belgium
83%
Afghanistan
77%
Australia
75%
Brazil
74%
Argentina
74%
Bangladesh
72%
Andorra
70%
Bosnia and Herzegovina
70%
Austria
68%
Canada
68%
Algeria
68%
Barbados
66%
Bhutan
66%
Angola
66%
Belarus
64%
Botswana
62%
Bahrain
60%
Bahamas
58%
Antigua and Barbuda
58%
Cyprus
57%
Bulgaria
57%
Belize
57%
China
57%
India
53%
Georgia
53%
Israël
53%
Iceland
53%
Germany
53%
Brunei
53%
Cambodia
53%
Finland
53%
Japan
51%
Azerbaïdjan
51%
France
51%
Nepal
51%
Czech Republic
51%
Norway
51%
Italy
51%
Federated States of Micronesia
49%
Burundi
49%
Panama
49%
North Macedonia
49%
Lebanon
49%
Kazakhstan
49%
Ivory Coast
49%
Colombia
49%
Cape Verde
49%
Egypt
49%
Estonia
49%
Kosovo
49%
Bolivia
49%
Denmark
49%
Armenia
49%
Mexico
49%
New Zealand
49%
Greece
49%
Kenya
49%
South Africa
47%
United Kingdom
47%
Mongolia
47%
Croatia
47%
Fiji
47%
Latvia
47%
Malta
47%
Ireland
47%
Sweden
47%
South Korea
47%
Hungary
47%
Jamaica
47%
Russia
47%
Spain
47%
Central African Republic
47%
Netherlands
47%
Switzerland
47%
United States
47%
Vatican City
47%
Honduras
47%
Pakistan
47%
Chile
47%
Serbia
45%
Madagascar
45%
Vietnam
45%
Venezuela
45%
Ethiopia
45%
Romania
45%
Dominican Republic
45%
Uruguay
45%
Iran
45%
Turkey
45%
Cuba
45%
Laos
45%
Nigeria
45%
Ukraine
45%
Portugal
45%
Peru
45%
Luxembourg
45%
Sri Lanka
45%
Kuwait
43%
Saint Lucia
43%
Philippines
43%
Papua New Guinea
43%
East Timor
43%
Eswatini
43%
Djibouti
43%
Slovenia
43%
Slovakia
43%
Grenada
43%
Ghana
43%
Guyana
43%
Uganda
43%
Kyrgyzstan
43%
Montenegro
43%
Malaysia
43%
Ecuador
43%
Lesotho
43%
Saudi Arabia
43%
San Marino
43%
Seychelles
43%
Qatar
43%
Mauritania
42%
Gambia
42%
Maldives
42%
Malawi
42%
Tunisia
42%
Kiribati
42%
Yemen
42%
Indonesia
42%
Oman
42%
Burkina Faso
42%
Haïti
42%
Libya
42%
North Korea
42%
Liechtenstein
42%
Guatemala
42%
Moldova
42%
Iraq
42%
Palau
42%
Singapore
42%
Cameroon
42%
Liberia
42%
Mozambique
42%
Niger
40%
Taiwan
40%
United Arab Emirates
40%
Mauritius
40%
Zambia
40%
Paraguay
40%
São Tomé and Príncipe
40%
Turkmenistan
40%
Zimbabwe
40%
Equatorial Guinea
40%
Costa Rica
40%
Saint Vincent and the Grenadines
40%
Thailand
40%
Suriname
40%
Dominica
40%
Morocco
40%
Somalia
40%
Myanmar
40%
Monaco
40%
Eritrea
40%
Nauru
40%
Marshall Islands
40%
Jordan
40%
Guinea
38%
Tanzania
38%
Saint Kitts and Nevis
38%
El Salvador
38%
Syria
38%
Benin
38%
Chad
38%
Rwanda
38%
Trinidad and Tobago
38%
Togo
38%
Namibia
38%
Tajikistan
38%
Nicaragua
38%
Lithuania
38%
Democratic Republic of the Congo
38%
Sierra Leone
36%
Samoa
36%
Republic of the Congo
36%
Tuvalu
36%
South Sudan
36%
Tonga
36%
Vanuatu
36%
Sudan
36%
Uzbekistan
36%
Poland
36%
Guinea-Bissau
34%
Senegal
34%
Gabon
34%
Solomon Islands
34%
Comoros
34%
Mali
34%
No matching quizzes found
Score Distribution
Percent of People with Each Score
Percentile by Number Answered
Your Score History
You have not taken this quiz